00794nam a2200241 a 450000100060000000300080000600500170001400800410003102000250007203500190009704000270011604100080014308200260015110000340017724500410021126000930025230000220034550400510036765000300041865000280044870000490047683000270052562605BD-RjUL20211209081114.0170124s1984 nyu b 001 0 eng  a0940450186 :c$27.50 a(BD-RjUL)62731 aDLCcDLCdBD-RjULbeng aeng00a818.309223bPOP 19841 aPoe, Edgar Allan,d1809-1849.10aPoetry and tales /cEdgar Allan Poe. aNew York :bDistributed to the trade in the U.S. and Canada by the Viking Press,cc1984. a1408 p. ;c21 cm. aIncludes bibliographical references and index. 0aFantasy poetry, American. 0aHorror tales, American.1 aQuinn, Patrick F.q(Patrick Francis),d1918- aThe Library of America